LEADER 03594nam a2200589 a 4500 001 000000129653 003 CaOOAMICUS 005 20121002143049.0 008 120713m19881991oncbf u000 u eng r 020 $a0-88844-094-4 (v. 1) 020 $a0-88844-095-2 (v. 2) 020 $a0-88844-109-6 (v. 7) 020 $a978-0-88844-099-0 (v. 4) 020 $a0-88844-104-5 (v. 5) 020 $a0-88844-105-3 (v. 6) 020 $a0-88844-106-1 (v. 3) 020 $z0-88844-110-X (v. 8)* 040 $aPUL$bita 041 0 $aeng$alat 082 04$a261.2 245 04$aThe apostolic see and the jews /$c[edited] by Shlomo Simonsohn. 260 $aToronto :$bPontifical institute of medieval studies,$c©1988-1991. 300 $a8 v. :$bc. geogr., tav. ;$c26 cm 490 1 $aStudies and texts ;$v94-95, 99, 104-106, 109-110 504 $aBibliografia in nota. 505 1 $a[1] Documents: 492-1404. -- [2] Documents: 1394-1464. -- [3] Documents: 1464-1521. -- [4] Documents: 1522-1538. -- [5] Documents: 1539-1545. -- [6] Documents: 1546-1555. -- [7] History. -- [8] Addenda, corrigenda, bibliography and indexes. 546 $aDocumenti in latino, prefazione in inglese. 650 4$aCristianesimo e altre religioni$xEbraismo.$0(OLS)http://pul/subject/36936 700 1 $aSimonsohn, Shlomo,$d1923-$0(OLS)http://pul/name/62456 830 0$aStudies and texts (Pontifical Institute of Mediaeval Studies) ;$v94-95, 99, 104-106, 109-110.$0(OLS)http://pul/title/290 850 $aPUL 852 $aPUL$W1$xSL Religione 3$y85$m261. 2 SIMSH 1.1$j150130$av.1$qDDC 21$B148668$CPULBib$Z2$F148668 $H120387 $82 852 $aPUL$W1$xSL Religione 3$y85$m261. 2 SIMSH 1.2$j151028$av.2$qDDC 21$B149720$CPULBib$Z2$F149720 $H120859 $82 852 $aPUL$W1$xSL Religione 3$y85$m261. 2 SIMSH 1.7$j151029$av.7 (History)$qDDC 21$B149721$CPULBib$Z2$F149721 $H120864 $82 852 $aPUL$W1$xSL Religione 3$y85$m261. 2 SIMSH 1.3$j151038$av.3$qDDC 21$B149730$CPULBib$Z2$F149730 $H120860 $82 852 $aPUL$W1$xSL Religione 3$y85$m261. 2 SIMSH 1.4$j151039$av.4$qDDC 21$B149731$CPULBib$Z2$F149731 $H120861 $82 852 $aPUL$W1$xSL Religione 3$y85$m261. 2 SIMSH 1.5$j151040$av.5$qDDC 21$B149732$CPULBib$Z2$F149732 $H120862 $82 852 $aPUL$W1$xSL Religione 3$y85$m261. 2 SIMSH 1.6$j151041$av.6$qDDC 21$B149733$CPULBib$Z2$F149733 $H120863 $82 852 $aPUL$W1$xSL Religione 3$y85$m261. 2 SIMSH 1.8$j151042$av.8 (Addenda...)$qDDC 21$B149734$CPULBib$Z2$F149734 $H120869 $82 941 1 $a9 996 $6020$a0-88844-094-4 (v. 1)$9(OLS)http://pul/number/150276 996 $6020$a0-88844-095-2 (v. 2)$9(OLS)http://pul/number/150659 996 $6020$a0-88844-109-6 (v. 7)$9(OLS)http://pul/number/150660 996 $6020$a978-0-88844-099-0 (v. 4)$9(OLS)http://pul/number/150668 996 $6020$a0-88844-104-5 (v. 5)$9(OLS)http://pul/number/150669 996 $6020$a0-88844-105-3 (v. 6)$9(OLS)http://pul/number/150670 996 $6020$z0-88844-110-X (v. 8)*$9(OLS)http://pul/number/150672 996 $6020$a0-88844-106-1 (v. 3)$9(OLS)http://pul/number/150671 996 $6082$a261.2$9(OLS)http://pul/classification/463 996 $6245$aThe apostolic see and the jews$9(OLS)http://pul/title/163878 996 $6260$aToronto :$bPontifical institute of medieval studies$9(OLS)http://pul/publisher/54715 LEADER 01635nam a2200361 a 4500 001 000000149575 003 CaOOAMICUS 005 20160222105701.0 008 160222s1991 sp u000 u spa r 020 $a84-313-1137-1* 032 $aLibriCat 040 $aPUL$bita 100 1 $aOcáriz, Fernando.$0(OLS)http://pul/name/39799 245 13$aEl misterio de Jesucristo : $b(lecciones de cristología y soteriología) /$cF. Ocariz, L.F. Mateo Seco, J.A. Riesta. 260 $aPamplona :$bEdiciones Universidad de Navarra,$c©1999. 300 $a452 p. ;$c22 cm. 490 1 $aBiblioteca de teología. Manuales 504 $aBibliografia in nota. 650 4$aSoteriologia.$0(OLS)http://pul/subject/37217 650 4$aCristologia.$0(OLS)http://pul/subject/1402 700 1 $aRiestra, José Antonio.$0(OLS)http://pul/name/38740 700 1 $aMateo Seco, Lucas Francisco.$0(OLS)http://pul/name/39539 830 0$aBiblioteca de teología (Facultad de Teología. Universidad de Navarra)$pManuales.$0(OLS)http://pul/title/188580 850 $aPUL 852 $aPUL$W1$xDP1 Fondo Bordoni$y120$m3 I 7$j167007$qFondi$B173858$CPULBib$Z2$F173858 $HBor1880 $81 941 1 $a1 960 $aIesus Christus$91402 960 $aIesus Christus$91402 961 $aDedica autografa dell?autore. 996 $6020$a84-313-1137-1*$9(OLS)http://pul/number/159802 996 $6245$aEl misterio de Jesucristo : $b(lecciones de cristología y soteriología)$9(OLS)http://pul/title/188579 996 $6260$aPamplona :$bEdiciones Universidad de Navarra$9(OLS)http://pul/publisher/48150 LEADER 01398nam a2200313 u 4500 001 000000145224 003 CaOOAMICUS 005 20150723162531.0 008 150723s1970 it u000 u ita u 040 $aIAR$bita 041 1 $aita$hdut 100 1 $aSchoonenberg, Piet,$cS.I.,$d1911-1999.$0(OLS)http://pul/name/11860 240 10$aMacht der zonde.$lItaliano.$0(OLS)http://pul/title/56336 245 13$aLa potenza del peccato /$cPiet Schoonenberg ; editoriale di Zoltán Alszeghy ; traduzione di Mario Sassatelli. 260 $aBrescia :$bQueriniana,$c1970. 300 $a323 p.$c20 cm 490 1 $aGiornale di teologia ;$v40 500 $aIn appendice il saggio "Alcune osservazioni circa il dibattito in corso sul peccato originale." 504 $aBibliografia a piè pagina. 650 4$aPeccato originale.$0(OLS)http://pul/subject/1571 700 1 $aAlszeghy, Zoltán,$cS.I.,$d1915-1991.$0(OLS)http://pul/name/11815 700 1 $aSassatelli, Mario.$0(OLS)http://pul/name/30697 830 0$aGiornale di teologia ;$v40.$0(OLS)http://pul/title/9027 850 $aPUL 852 $aPUL$W1$xDP1 Fondo S. Lanza$y121$m3 M 24.40$j167909$qFondi$B168468$CPULBib$Z2$F168468 $HLAN364 $82 941 1 $a1 983 0$aGdT. 996 $6245$aLa potenza del peccato$9(OLS)http://pul/title/56337 996 $6260$aBrescia :$bQueriniana$9(OLS)http://pul/publisher/47906